书目信息 |
| 题名: |
正说元朝十五帝
|
|
| 作者: | 章恺 编著 | |
| 分册: | ||
| 出版信息: | 北京 群言出版社 2005 |
|
| 页数: | 274页 | |
| 开本: | 23cm | |
| 丛书名: | ||
| 单 册: | ||
| 中图分类: | K827=47 | |
| 科图分类: | ||
| 主题词: | 帝王--生平事迹--中国--元代 , 帝王 | |
| 电子资源: | ||
| ISBN: | 7-80080-560-3 | |
| 000 | 00871nam0 2200241 450 | |
| 001 | 010060013104 | |
| 005 | 20061118164334.42 | |
| 010 | @a7-80080-560-3@dCNY29.80 | |
| 100 | @a20060109d2005 em y0chiy0110 ea | |
| 101 | 0 | @achi |
| 102 | @aCN@b110000 | |
| 105 | @aab z 000yd | |
| 200 | 1 | @a正说元朝十五帝@9zheng shuo yuan chao shi wu di@e解密历史真相 走出“野史”误区@e图文本@f章恺编著 |
| 210 | @a北京@c群言出版社@d2005 | |
| 215 | @a274页@c地图@d23cm | |
| 330 | @a本书介绍了元朝的15个皇帝,他们是元太祖成吉思汗、元太宗窝阔台、元定宗贵由、元宪宗蒙哥、元世祖忽必烈、元成宗铁穆耳等。 | |
| 517 | 1 | @a解密历史真相 走出“野史”误区@9jie mi li shi zhen xiang zou chu“ ye shi” wu qu |
| 606 | 0 | @a帝王@x生平事迹@y中国@z元代 |
| 606 | 0 | @a帝王 |
| 690 | @aK827=47@v4 | |
| 701 | 0 | @a章恺@9zhang kai@4编著 |
| 801 | 0 | @aCN@bRENTIAN@c20061118 |
| 905 | @a10447@dK827=47@e374 | |
| 正说元朝十五帝:解密历史真相 走出“野史”误区:图文本/章恺编著.-北京:群言出版社,2005 |
| 274页:地图;23cm |
| ISBN 7-80080-560-3:CNY29.80 |
| 本书介绍了元朝的15个皇帝,他们是元太祖成吉思汗、元太宗窝阔台、元定宗贵由、元宪宗蒙哥、元世祖忽必烈、元成宗铁穆耳等。 |
| ● |
| 相关链接 |
|
|
|
|
正题名:正说元朝十五帝
索取号:K827=47/374
 
预约/预借
| 序号 | 登录号 | 条形码 | 馆藏地/架位号 | 状态 | 备注 |
| 1 | 0392751 | 203927518 | 第二样本阅览室/ [索取号:K827=47/374] | 在馆 | |
| 2 | 0392752 | 203927527 | 第二借阅区/ [索取号:K827=47/374] | 在馆 | |
| 3 | 0392753 | 203927536 | 第二借阅区/ [索取号:K827=47/374] | 在馆 | |
| 4 | 0392754 | 203927545 | 第二借阅区/ [索取号:K827=47/374] | 在馆 | |
| 5 | 0392755 | 203927554 | 第二借阅区/ [索取号:K827=47/374] | 在馆 |